| 000 | 00424nam a2200133Ia 4500 | ||
|---|---|---|---|
| 008 | 230917s9999||||xx |||||||||||||| ||und|| | ||
| 040 |
_e247630 _aMAIN |
||
| 041 | _aEnglish | ||
| 082 | _a519.287 N297C | ||
| 100 | _aNeetu | ||
| 245 | 0 | _aComparative analysis of two reliability models with provision of taking care of need by other means or affording reneging on completion of patience time | |
| 260 | _c2017 | ||
| 942 | _cTH | ||
| 999 |
_c127588 _d127588 |
||